000
00287nam a22001337a 4500
008
171129b xxu||||| |||| 00| 0 eng d
020
_a
9780538466851
041
_a
eng
080
_a
33
100
_a
58
101
_a
BUS
245
_a
BUSINESS & SOCIETY
_c
THORNE,D,M
942
_2
udc
_c
BK
999
_c
38606
_d
38606